000 01080nam a2200229Ia 4500
003 Ost
005 20260507075324.0
008 260507s9999||||xx |||||||||||||| ||und||
020 _a9789957064686
040 _cfsecg
041 _aara
082 _a657.48
100 _aموسى، شقيري نوري
_eمؤلف
245 0 _aالرياضيات المالية /
_c شقيري نوري موسى
260 _aعمان:
_bدار المسيرة للنشر والتوزيع,
_c2011
300 _a239 صفحة؛
_bإيضاحات ؛
_c25 سم
520 _aاللوغاريتم و الاسس و الجذور، المعادلات و المتواليات ، الربا و بيان حكمها الشرعي و التطرق الى أضرارها، الفائدة و الفائدة المركبة ، استهلاك القروض طويلة الأجل بفائدة مركبة، تقييم السندات
653 _aالإقتصاد التحليلي
653 _aالإقتصاد الرياضي
700 _aصافي، وليد أحمد
_eمؤلف ثانوي
942 _cكتاب
999 _c43953
_d43953